Normal view
MARC view
Entry Topical Term
001 - CONTROL NUMBER
- control field: 265796
003 - CONTROL NUMBER IDENTIFIER
- control field: OSt
005 - DATE AND TIME OF LATEST TRANSACTION
- control field: 20260619151434.0
008 - FIXED-LENGTH DATA ELEMENTS
- fixed length control field: 260619|| aca||aabn | a|a d
040 ## - CATALOGING SOURCE
- Original cataloging agency: OSt
- Transcribing agency: OSt
150 ## - HEADING--TOPICAL TERM
- Topical term or geographic name entry element: News paper management india
670 ## - SOURCE DATA FOUND
- Source citation: Work cat.: (OSt)104110: Gulab Kothari 265795, Newspaper management in India, 1995